Television today and tomorrow
Saved in:
| Main Author: | |
|---|---|
| Format: | Book |
| Language: | Undetermined |
| Published: |
New York
Penguin Books
1985
|
| Subjects: | |
| Tags: |
Add Tag
No Tags, Be the first to tag this record!
|
| Institutions: | Trung tâm Học liệu Trường Đại học Cần Thơ |
|---|
| LEADER | 00511nam a2200193Ia 4500 | ||
|---|---|---|---|
| 001 | CTU_82910 | ||
| 008 | 210402s9999 xx 000 0 und d | ||
| 082 | |a 384.55 | ||
| 082 | |b D919 | ||
| 100 | |a Dunkley, Christopher | ||
| 245 | 0 | |a Television today and tomorrow | |
| 245 | 0 | |c Christopher Dunkley | |
| 260 | |a New York | ||
| 260 | |b Penguin Books | ||
| 260 | |c 1985 | ||
| 650 | |a Television | ||
| 650 | |z Great britain | ||
| 904 | |i Qhieu(sửa) | ||
| 980 | |a Trung tâm Học liệu Trường Đại học Cần Thơ | ||